| 000 | 01116nam a2200301 a 4500 | ||
|---|---|---|---|
| 999 |
_c574 _d574 |
||
| 003 | AR-BaISA | ||
| 005 | 20220606123640.0 | ||
| 007 | ta | ||
| 008 | 180927s2012 sp ado | |||| 000 0 spa d | ||
| 020 | _a9788499101644 | ||
| 040 | _cAR-BaISA | ||
| 082 | 0 | 4 |
_222 _a612.76 B967 |
| 100 | 1 | 0 |
_aBusquet, Léopold _91413 _eaut. |
| 245 | 1 | 4 |
_aLas cadenas fisiológicas. _nTomo II: _bla cintura pélvica y el miembro inferior / _cLeopold Busquet |
| 260 |
_aBadalona: _bPaidotribo, _c2012 |
||
| 300 |
_aVIII, 305 p.: _bil., graf. fot.; _c22 cm. |
||
| 336 |
_aTexto (visual) _2isbdcontent |
||
| 337 |
_asin mediación _2isbdmedia |
||
| 490 | 1 | _aMétodo Busquet | |
| 504 | _aBibliografía: p. 303-305 | ||
| 505 |
_tLa estática de la cintura pélvica -- _tLa movilidad de la cintura pélvica -- _tLa fisiología de los músculos de los miembros inferiores -- _tLas cadenas musculares de los miembros inferiores |
||
| 650 | 1 | 4 |
_aMedicina osteopática _91415 |
| 650 | 1 | 4 |
_aMovimiento _9881 |
| 650 | 1 | 4 |
_aFisiología humana _931 |
| 650 | 1 | 4 |
_aMiembros inferiores _91417 |
| 830 | 0 |
_91414 _aMétodo Busquet |
|
| 942 |
_2ddc _cLI |
||